Statistics for Regions of the Faroe Islands

Click here to take the quiz!

General Stats

  • This quiz has been taken 11 times
  • The average score is 5 of 6

Answer Stats

HintAnswer% Correct
SSuduroy
100%
EEysturoy
88%
SStreymoy
88%
SSandoy
63%
VVagar
63%
NNordoyggjar
50%

Score Distribution

Percentile by Number Answered

Percent of People with Each Score

Your Score History

You have not taken this quiz